Southville International School and Colleges
Your cart is empty.
  • Cart
  • Lists
    Public lists Eva Luna New books Lux_list list_1
    Your lists Log in to create your own lists
  • Log in to your account
  • Your cookies
  • Search history
Southville International School and Colleges
  • Advanced search
  • Recent comments
  • Most popular
  • Libraries

Log in to your account

Log in with GOOGLE


If you do not have an external account, but do have a local account, you can still log in:

  1. Home
  2. MARC view: jQuery, CSS3, and HTML5 for mobile and desktop devices /
Normal view MARC view ISBD view

jQuery, CSS3, and HTML5 for mobile and desktop devices / (Record no. 294985)

[ view plain ]
MARC details
000 -LEADER
fixed length control field 01581cam a2200301 i 4500
001 - CONTROL NUMBER
control field 17573184
003 - CONTROL NUMBER IDENTIFIER
control field PILC
005 - DATE AND TIME OF LATEST TRANSACTION
control field 20160525143224.0
008 - FIXED-LENGTH DATA ELEMENTS--GENERAL INFORMATION
fixed length control field 121226s2013 vaua 001 0 eng
010 ## - LIBRARY OF CONGRESS CONTROL NUMBER
LC control number 2012956350
020 ## - INTERNATIONAL STANDARD BOOK NUMBER
International Standard Book Number 9781938549038 (pbk. : alk. paper)
020 ## - INTERNATIONAL STANDARD BOOK NUMBER
International Standard Book Number 1938549031 (pbk. : alk. paper)
040 ## - CATALOGING SOURCE
Original cataloging agency DLC
Language of cataloging eng
Transcribing agency DLC
Description conventions rda
042 ## - AUTHENTICATION CODE
Authentication code pcc
050 00 - LIBRARY OF CONGRESS CALL NUMBER
Classification number QA 76.7
Item number .C36 2013
100 1# - MAIN ENTRY--PERSONAL NAME
Personal name Campesato, Oswald.
245 10 - TITLE STATEMENT
Title jQuery, CSS3, and HTML5 for mobile and desktop devices /
Statement of responsibility, etc Oswald Campesato.
260 ## - PUBLICATION, DISTRIBUTION, ETC. (IMPRINT)
Place of publication, distribution, etc New Delhi :
Name of publisher, distributor, etc Mercury Learning and Information,
Date of publication, distribution, etc 2013.
300 ## - PHYSICAL DESCRIPTION
Extent xx, 800 pages :
Other physical details illustrations ;
Dimensions 23 cm +
Accompanying material 1 DVD (4 3/4 in.)
500 ## - GENERAL NOTE
General note Includes index.
505 0# - FORMATTED CONTENTS NOTE
Formatted contents note New features in HTML5 -- Introduction to CSS3 -- CSS3 2D/3D animation and CSS frameworks -- CSS3 and SVG -- Fundamentals of jQuery -- Animation effects with jQuery and CSS3 --Query UI controls -- Introduction to jQuery mobile -- User gestures and animation effects in jQuery mobile -- Other HTML5 technologies -- Introduction to HTML5 canvas -- Charts and graphs in HTML5 canvas -- HTML5 mobile apps on Android, iOS, and Tizen -- Looking forward : interviews with industry leaders: Vincent Hardy, Brian Leroux, Tony Parisi.
650 #0 - SUBJECT ADDED ENTRY--TOPICAL TERM
Topical term or geographic name as entry element Query languages (Computer science)
650 #0 - SUBJECT ADDED ENTRY--TOPICAL TERM
Topical term or geographic name as entry element JavaScript (Computer program language)
650 #0 - SUBJECT ADDED ENTRY--TOPICAL TERM
Topical term or geographic name as entry element Cascading style sheets.
906 ## - LOCAL DATA ELEMENT F, LDF (RLIN)
a 7
b cbc
c orignew
d 2
e epcn
f 20
g y-gencatlg
942 ## - ADDED ENTRY ELEMENTS (KOHA)
Source of classification or shelving scheme Library of Congress Classification
Koha item type Books
Holdings
Withdrawn status Lost status Source of classification or shelving scheme Damaged status Home library Current library Shelving location Date acquired Source of acquisition Cost, normal purchase price Sub Shelving location Total Checkouts Full call number Barcode Date last seen Price effective from Koha item type
    Library of Congress Classification   College Library College Library Reserve Section 05/25/2016 Library Fund 7995.00     QA 76.7 .C36 2013 C20538 05/15/2018 05/25/2016 Books

jQuery, CSS3, and HTML5 for mobile and desktop devices /

APA

Campesato O., . (2013). jQuery, CSS3, and HTML5 for mobile and desktop devices. New Delhi: Mercury Learning and Information.

Chicago

Campesato Oswald, . 2013. jQuery, CSS3, and HTML5 for mobile and desktop devices. New Delhi: Mercury Learning and Information.

Harvard

Campesato O., . (2013). jQuery, CSS3, and HTML5 for mobile and desktop devices. New Delhi: Mercury Learning and Information.

MLA

Campesato Oswald, . jQuery, CSS3, and HTML5 for mobile and desktop devices. New Delhi: Mercury Learning and Information. 2013.

  • Place hold
  • Print
  • Cite
  • Add to your cart (remove)
  • Save record
    BIBTEX Dublin Core MARCXML MARC (non-Unicode/MARC-8) MARC (Unicode/UTF-8) MARC (Unicode/UTF-8, Standard) MODS (XML) RIS
  • More searches
    Search for this title in:
    Other Libraries (WorldCat) Other Databases (Google Scholar) Online Stores (Bookfinder.com) Open Library (openlibrary.org)

Exporting to Dublin Core...

SOUTHVILLE LIBRARY

Southville International School and Colleges Library

1281 Tropical Ave. Cor. Luxembourg St., BF Homes International, Las Pinas City

Tel. No. 8256374 / 252358 Loc. 117/146

Powered by Koha